01375nam a22003737a 4500003000500000005001700005008004100022010000900063011000900072035000900081040000900090090001800099100002900117245009900146260003000245300001000275490002100285590004100306590004100347590004100388590004100429590004100470590004200511650004600553650004200599700003200641710008000673830002900753901000700782942000900789949005300798999001500851952013500866CHAP20220329133607.0971013s1992 r 00010 d a8332 a9304 a8539 cCHAP aFolleto 1386100aOkello, Andrew E.982937 aNational agricultural research in a regional contextb: the small countries of southern Africa aThe Hague :bISNAR,c1992 a42 p. aStudy paperv; 7 aBATCH-UPDb10c20130109lUCH01h2312 aBATCH-UPDb10c20130110lUCH01h1232 aBATCH-UPDb10c20130409lUCH01h1830 aBATCH-UPDb10c20130410lUCH01h0802 aBATCH-UPDb10c20130914lUCH01h1923 aCONVERSIONb10c20130109lUCH01h130614aAgriculturaxInvestigacionxAfrica.9157814aPolítica agrícolaxAfrica.9902840 aEyzaguirre, Pablo B.9392290 aServicio Internacional para la Investigación Agrícola Nacional.91053080 aStudy paperv; 79110093 aBK cFOLL aFolleto 13861bBCcFOLLd-18765eTS1i8539mDsi c8332d8332 00102local4051708FOLLaBCbBCcPA_FOLLETOSd2012-12-17fFOLLl0oFolleto 13861p-18765r2019-12-31 00:00:00w2012-12-17yFOLL